| 000 | 01046cam a22002777i 4500 | ||
|---|---|---|---|
| 020 | _a1119154685 | ||
| 020 | _a9781119154686 | ||
| 040 | _cYDXCP | ||
| 082 | 0 | 4 | _a005 JAM 2001 A002 Or. |
| 100 | 1 | _aBeaver, Kevin, | |
| 245 | 1 | 0 | _aHacking for dummies / |
| 250 | _a5th edition. | ||
| 300 |
_axvi, 390 pages : _billustrations ; _c24 cm. |
||
| 490 | 1 | _a--For dummies | |
| 500 | _aPrevious edition: 2013. | ||
| 500 | _aIncludes and index. | ||
| 520 | _aUntil you can think like a bad guy and recognize the vulnerabilities in your system, you can't build an effective plan to keep your information secure. The book helps you stay on top of the security game! | ||
| 650 | 0 | _aComputer security. | |
| 650 | 0 | _aComputer networks | |
| 650 | 0 | _aHackers. | |
| 700 | 1 | _aStiennon, Richard, | |
| 856 | 4 | 2 | _uhttps://www.loc.gov/catdir/enhancements/fy1701/2015956627-b.html |
| 856 | 4 | 2 | _uhttps://www.loc.gov/catdir/enhancements/fy1701/2015956627-d.html |
| 856 | 4 | 1 | _uhttps://www.loc.gov/catdir/enhancements/fy1701/2015956627-t.html |
| 942 | _cEK | ||
| 999 |
_c16671 _d16671 |
||